Quiz sur Voiron - Statistiques

Statistiques générales
  • Ce quiz a été pris 23 fois
  • Le résultat moyen est 7 sur 20
Statistiques - réponses
Hint Réponse % Correct
Alcool produit à Voiron La Chartreuse
95%
Nombre de collèges 3
90%
Nombre d'étapes du Tour de France 2025 à Voiron 2
85%
Statue surplombant la ville La Vouise
75%
Bar emblématique de la ville Le Schuss
60%
Nombre habitants (en milliers) 21
55%
Maire de Voiron depuis 2014 Julien Polat
40%
Ancienne province où se situe Voiron Le Dauphiné
40%
Avenue principale, portant le nom d'un ancien maire Avenue Jules Ravat
30%
Seul restaurant présent dans le Guide Michelin La Brasserie Chavant
30%
Rivière traversant la ville La Morge
25%
Quartier historique de Voiron Le quartier Sermorens
25%
Ville espagnole jumelée avec Voiron en 2025 Tarragone
20%
Industrie ayant fait la renommée de Voiron au XIXe et XXe siècle La production de soie
15%
Sa date d'installation 1868
10%
Date d'ouverture de "La Nat" 1886
10%
Tour restante du système défensif de Voiron au Moyenn-Age La Tour Barral
10%
Nom du monastère de Voiron Le Monastère de la Visitation
10%
Avocate, députée sur la circonscription de Voiron, militante féministe ayant marqué l'histoire Gisèle Halimi
5%
Ancien édile mort durant son mandat en 2000 Philippe Vial
5%
Aucun quiz correspondant
Distribution des résultats
% des personnes avec chaque résultat
Percentile par nombre de réponses
Votre historique - résultats
Vous n’avez pas pris ce quiz